World cup 1966 teams - Statistics

General Stats
  • This quiz has been taken 677 times
  • The average score is 14 of 16
Answer Stats
Hint Answer % Correct
GROUP A England
99%
GROUP C Brazil
97%
GROUP B West Germany
97%
GROUP B Argentina
95%
GROUP D Italy
93%
GROUP C Portugal
92%
GROUP A France
91%
GROUP B Spain
89%
GROUP A Mexico
88%
GROUP D Soviet Union
88%
GROUP A Uruguay
87%
GROUP D Chile
77%
GROUP C Hungary
76%
GROUP D North Korea
70%
GROUP B Switzerland
65%
GROUP C Bulgaria
62%
No matching quizzes found
Score Distribution
Percent of People with Each Score
Percentile by Number Answered
Your Score History
You have not taken this quiz